Galapagos, islands lost in time/ (Record no. 899)
[ view plain ]
| 000 -LEADER | |
|---|---|
| fixed length control field | 00821cam a2200265 i 4500 |
| 005 - DATE AND TIME OF LATEST TRANSACTION | |
| control field | 20260322212038.0 |
| 008 - FIXED-LENGTH DATA ELEMENTS--GENERAL INFORMATION | |
| fixed length control field | data |
| 010 ## - LIBRARY OF CONGRESS CONTROL NUMBER | |
| LC control number | 80014058 |
| 020 ## - INTERNATIONAL STANDARD BOOK NUMBER | |
| International Standard Book Number | 067033362X (pbk.); 9780670333622 (pbk.) |
| Terms of availability | {dollar}25.00 |
| 020 ## - INTERNATIONAL STANDARD BOOK NUMBER | |
| International Standard Book Number | 9780670333622 (pbk.); 9780670333622 (pbk.) |
| Terms of availability | {dollar}25.00 |
| 040 ## - CATALOGING SOURCE | |
| Original cataloging agency | DLC |
| Transcribing agency | DLC |
| Modifying agency | DLC |
| 043 ## - GEOGRAPHIC AREA CODE | |
| Geographic area code | pogg--- |
| 050 00 - LIBRARY OF CONGRESS CALL NUMBER | |
| Classification number | QH198.G3 |
| Item number | D4 1980 |
| 082 00 - DEWEY DECIMAL CLASSIFICATION NUMBER | |
| Classification number | 574.9866/5 |
| 092 ## - LOCALLY ASSIGNED DEWEY CALL NUMBER (OCLC) | |
| Classification number | 574.986 D4 1980 |
| 001 - CONTROL NUMBER | |
| control field | data |
| 100 1# - MAIN ENTRY--PERSONAL NAME | |
| Personal name | De Roy, Tui. |
| 245 10 - TITLE STATEMENT | |
| Title | Galapagos, islands lost in time/ |
| Statement of responsibility, etc. | Tui De Roy. |
| 260 ## - PUBLICATION, DISTRIBUTION, ETC. | |
| Place of publication, distribution, etc. | New York : |
| Name of publisher, distributor, etc. | Viking Press, |
| Date of publication, distribution, etc. | 1980. |
| 300 ## - PHYSICAL DESCRIPTION | |
| Extent | 71 p., [44] leaves of plates : |
| Other physical details | col. ill. ; |
| Dimensions | 31 cm. |
| 490 0# - SERIES STATEMENT | |
| Series statement | A Studio book |
| 504 ## - BIBLIOGRAPHY, ETC. NOTE | |
| Bibliography, etc. note | Bibliography: p. 53. |
| 650 #0 - SUBJECT ADDED ENTRY--TOPICAL TERM | |
| Topical term or geographic name entry element | Natural history |
| Geographic subdivision | Galapagos Islands. |
| 651 #0 - SUBJECT ADDED ENTRY--GEOGRAPHIC NAME | |
| Geographic name | Galapagos Islands |
| General subdivision | Description and travel. |
| Withdrawn status | Lost status | Damaged status | Not for loan | Home library | Current library | Shelving location | Date acquired | Total checkouts | Full call number | Barcode | Date last seen | Price effective from | Koha item type |
|---|---|---|---|---|---|---|---|---|---|---|---|---|---|
| Franklin | Franklin | General stacks | 22/03/2026 | 574.9866/5 | BC0010927 | 22/03/2026 | 22/03/2026 | Books |